Municipios con Mercadona (Cataluña/Catalunya) - Estadísticas

Estadísticas generales
  • Esta prueba ha sido intentada 198 veces
    36 desde el último reinicio
  • La puntuación promedio es 58 de 114
Estadísticas de respuestas
Provincia Municipio Población % Correcto
Barcelona Barcelona 1.731.649
100%
L'Hospitalet de Llobregat 289.510
100%
Lleida Lleida 146.266
96%
Tarragona Tarragona 143.649
96%
Badalona 231.542
93%
Girona Girona 108.666
93%
Mataró 131.683
93%
Terrassa 233.270
93%
Sabadell 225.368
89%
Castell d'Aro, Platja d'Aro i s'Agaró 12.982
86%
Cornellà de Llobregat 92.237
86%
Manresa 80.974
86%
Reus 111.601
86%
Santa Coloma de Farners 13.993
86%
Santa Coloma de Gramenet 123.981
86%
Vic 50.796
86%
Castelldefels 70.057
82%
Figueres 49.689
82%
Ripoll 10.665
82%
El Prat de Llobregat 66.338
79%
Sant Boi de Llobregat 85.610
79%
Vilanova del Camí 12.936
79%
Vilanova i la Geltrú 71.641
79%
Granollers 65.341
75%
Salou 31.491
75%
Sant Cugat del Vallès 97.983
75%
Sant Feliu de Guíxols 23.141
75%
Sant Feliu de Llobregat 46.781
75%
Amposta 23.080
71%
Sitges 32.609
71%
Viladecans 67.587
71%
Gavà 48.243
68%
Rubí 82.823
68%
Tortosa 35.997
68%
Vilafranca del Penedès 42.607
68%
Blanes 42.699
64%
Cerdanyola del Vallès 58.528
64%
Igualada 42.085
64%
La Seu d'Urgell 13.009
64%
Lloret de Mar 43.000
64%
Olot 39.519
64%
Roses 20.365
64%
Sant Adrià de Besòs 39.323
64%
El Vendrell 41.133
61%
Salt 34.491
61%
Calella 20.864
57%
Berga 17.473
54%
Cambrils 37.042
54%
Martorell 29.175
54%
Mollet del Vallès 52.990
54%
Montcada i Reixac 37.460
54%
Ripollet 39.897
54%
Sant Joan Despí 35.926
54%
Sant Sadurní d'Anoia 12.911
54%
Valls 25.518
54%
Calafell 32.624
50%
Cervera 9.603
50%
Esplugues de Llobregat 48.221
50%
Balaguer 17.729
46%
Parets del Vallès 18.885
46%
Banyoles 20.865
43%
Barberà del Vallès 33.987
43%
Cubelles 17.673
43%
Mollerussa 15.763
43%
Tàrrega 19.057
43%
Móra d'Ebre 5.811
39%
Palamós 18.933
39%
Sant Celoni 18.977
39%
Vielha e Mijaran 5.865
39%
Vilassar de Mar 21.227
39%
Caldes de Montbui 18.567
36%
L'Escala 10.374
36%
Manlleu 21.425
36%
Montblanc 7.542
36%
Olesa de Montserrat 24.966
36%
Solsona 9.717
36%
Vila-seca 23.917
36%
Arenys de Mar 17.042
32%
La Bisbal d'Empordà 11.757
32%
La Garriga 17.426
32%
Malgrat de Mar 19.714
32%
Montgat 12.879
32%
Palafrugell 24.543
32%
Sant Andreu de la Barca 27.094
32%
Sant Vicenç dels Horts 28.746
32%
Altafulla 5.870
29%
Castellar del Vallès 25.422
29%
La Ràpita 16.119
29%
Molins de Rei 27.300
29%
Palau-solità i Plegamans 15.614
29%
Pineda de Mar 30.108
29%
Santa Perpètua de Mogoda 26.130
29%
Deltebre 12.041
25%
Esparreguera 22.665
25%
Llinars del Vallès 10.956
25%
Pallejà 12.006
25%
Tona 8.527
25%
Tordera 19.039
25%
Cardedeu 19.046
21%
L'Ametlla de Mar 7.446
21%
Les Franqueses del Vallès 20.881
21%
Teià 6.898
21%
Abrera 13.227
18%
Cassà de la Selva 11.131
18%
Castelló d'Empúries 12.201
18%
Masquefa 10.120
18%
Montornès del Vallès 17.102
14%
Polinyà 8.581
14%
Sant Fost de Campsentelles 9.419
14%
Vallirana 16.245
14%
Vandellòs i l'Hospitalet de l'Infant 7.143
11%
Vidreres 8.862
11%
Creixell 4.261
7%
Santa Margarida de Montbui 10.631
7%
No se encontraron pruebas coincidentes
Distribución de puntuación
Porcentaje de gente con cada puntuación
Porcentaje por número respondido
Historial de tus puntuaciones
No has intentado esta prueba desde el último reinicio